00438nam a2200157Ia 45000010006000000050017000060080041000230410008000640820016000721000032000882450107001202600009002273000028002366500008002646540008002721402720260306164844.0260306t2019||||xx |||||||||||||| ||spa|| aESP a005.82bS21 aSancho López, MarinaeAUT 0aLa protección de datos en el Reino Unido:bevolución del right to privacy y escenarios post-brexit c2019 a295 páginas :c22 cm. aGEN aCCC